000 00628nam a2200181 a 4500
001 000024333
005 20200930022923.0
008 110126s1971 sp r 001 0 spa d
040 _aDO-SdBNP
_bspa
_cBNPHU
082 _axxx
_bxxx
100 1 _aPérez-Riója, José Antonio.
_97833
245 1 4 _aLas casas de la cultura /
_cJosé Antonio Pérez-Ríoja.
260 _aMadrid :
_bAsociación Nacional de Bibliotecarios, Archiveros y Arqueólogos,
_c1971.
300 _a107 p. ;
_c18 cm.
490 1 _aBiblioteca profesional de Anaba. Cuadernos
_v3
504 _aBibliografía : [95]-101 p.
500 _aIncluye índice analítico.
999 _c23826
_d23826